Focus sur: Eulalie Hicks - Harry Potter - Statistiques

Statistiques générales
  • Ce quiz a été pris 29 fois
  • Le résultat moyen est 2 sur 5
Statistiques - réponses
Informations recherchées Réponses % Correct
Couleur des cheveux Noir
84%
Ecole fréquentée Ilvermorny
52%
Profession Professeure de sortilèges
40%
Première apparition Les Animaux fantastiques: Les Crimes de Grindelwald
36%
Actrice l'interprétant dans les films Jessica Williams
12%
Aucun quiz correspondant
Distribution des résultats
% des personnes avec chaque résultat
Percentile par nombre de réponses
Votre historique - résultats
Vous n’avez pas pris ce quiz